| 000 | 00472nam a2200133Ia 4500 | ||
|---|---|---|---|
| 008 | 220620s9999||||xx |||||||||||||| ||und|| | ||
| 022 | _a18628893 | ||
| 100 | _aDreier, Thomas Krämer, Jan Studer, Rudi Weinhardt, Christof [Hrsg.] | ||
| 245 | 0 | _aInformation Management and Market Engineering. Vol. II | |
| 546 | _aEnglish[eng] | ||
| 650 | _aMarket Engineering||Electronic Markets||Information Management | ||
| 856 | _uhttps://www.ksp.kit.edu/9783866445895 | ||
| 942 | _cEB | ||
| 999 |
_c23914 _d23914 |
||